000 00729nam a2200193 i 4500
001 180662
003 ES-MaACL
005 20230906221145.0
008 120619s1978 es |||| | spa d
080 _a553.6(043.2)
100 1 _aTartera Barrabeig, Jordi.
_9150680
245 1 0 _aEstudio de la degradación térmica de las bentonitas en las arenas de moldeo /
_cJorge Tartera Barrabeig.
260 _aBarcelona :
_bUniversidad, Secretariado de Publicaciones, Intercambio Científico y Extensión Universitaria,
_c1978.
300 _a12 p :
_bgráf. ;
_c21 cm.
502 _aTesis Univ. Barcelona (extracto)
650 4 _aBentonita.
_9150681
710 2 _aUniversidad de Barcelona.
_97141
852 _aES-MaACL
_jE-15362(199)
999 _c180662
_d180662